<?xml version="1.0" encoding="UTF-8"?>
<record
    xmlns:xsi="http://www.w3.org/2001/XMLSchema-instance"
    xsi:schemaLocation="http://www.loc.gov/MARC21/slim http://www.loc.gov/standards/marcxml/schema/MARC21slim.xsd"
    xmlns="http://www.loc.gov/MARC21/slim">

  <leader>01201nam a22002537a 4500</leader>
  <controlfield tag="003">Uzh_bibl</controlfield>
  <controlfield tag="008">260323b        |||||||| |||| 00| 0 ukr d</controlfield>
  <datafield tag="020" ind1=" " ind2=" ">
    <subfield code="a">966-7784-59-2</subfield>
    <subfield code="c">24,50</subfield>
  </datafield>
  <datafield tag="040" ind1=" " ind2=" ">
    <subfield code="b">&#x443;&#x43A;&#x440;.</subfield>
  </datafield>
  <datafield tag="041" ind1=" " ind2=" ">
    <subfield code="2">ukr</subfield>
    <subfield code="a">ukr</subfield>
  </datafield>
  <datafield tag="080" ind1=" " ind2=" ">
    <subfield code="a">34</subfield>
  </datafield>
  <datafield tag="090" ind1=" " ind2=" ">
    <subfield code="a">34</subfield>
    <subfield code="b">&#x41F;-68</subfield>
  </datafield>
  <datafield tag="100" ind1=" " ind2=" ">
    <subfield code="a">-</subfield>
  </datafield>
  <datafield tag="245" ind1=" " ind2=" ">
    <subfield code="a">&#x41F;&#x440;&#x430;&#x432;&#x43E;&#x437;&#x43D;&#x430;&#x432;&#x441;&#x442;&#x432;&#x43E;</subfield>
    <subfield code="h">&#x422;&#x435;&#x43A;&#x441;&#x442;</subfield>
  </datafield>
  <datafield tag="260" ind1=" " ind2=" ">
    <subfield code="a">&#x41A;&#x438;&#x457;&#x432; </subfield>
    <subfield code="b">&#x42E;&#x440;&#x456;&#x43D;&#x43A;&#x43E;&#x43C; &#x406;&#x43D;&#x442;&#x435;&#x440;</subfield>
    <subfield code="c">2001</subfield>
  </datafield>
  <datafield tag="300" ind1=" " ind2=" ">
    <subfield code="a">640 &#x441;. </subfield>
    <subfield code="f">&#x412; &#x43E;&#x43F;&#x440;.</subfield>
  </datafield>
  <datafield tag="520" ind1=" " ind2=" ">
    <subfield code="a">&#x423; &#x43F;&#x43E;&#x441;&#x456;&#x431;&#x43D;&#x438;&#x43A;&#x443; &#x432; &#x444;&#x43E;&#x440;&#x43C;&#x456; &#x434;&#x43E;&#x441;&#x442;&#x443;&#x43F;&#x43D;&#x438;&#x445; &#x43B;&#x435;&#x43A;&#x446;&#x456;&#x439; &#x434;&#x430;&#x454;&#x442;&#x44C;&#x441;&#x44F; &#x456;&#x441;&#x442;&#x43E;&#x440;&#x456;&#x44F; &#x432;&#x438;&#x43D;&#x438;&#x43A;&#x43D;&#x435;&#x43D;&#x43D;&#x44F; &#x434;&#x435;&#x440;&#x436;&#x430;&#x432;&#x438; &#x456; &#x43F;&#x440;&#x430;&#x432;&#x430;, &#x440;&#x43E;&#x437;&#x43A;&#x440;&#x438;&#x432;&#x430;&#x44E;&#x442;&#x44C;&#x441;&#x44F; &#x43F;&#x43E;&#x43D;&#x44F;&#x442;&#x442;&#x44F; &#x434;&#x435;&#x440;&#x436;&#x430;&#x432;&#x438;, &#x43F;&#x440;&#x430;&#x432;&#x430;, &#x43F;&#x440;&#x430;&#x432;&#x43E;&#x442;&#x432;&#x43E;&#x440;&#x435;&#x43D;&#x43D;&#x44F;, &#x43F;&#x440;&#x430;&#x432;&#x43E;&#x440;&#x435;&#x430;&#x43B;&#x456;&#x437;&#x430;&#x446;&#x456;&#x457;, &#x437;&#x430;&#x43A;&#x43E;&#x43D;&#x43D;&#x43E;&#x441;&#x442;&#x456; &#x439; &#x43F;&#x440;&#x430;&#x432;&#x43E;&#x43F;&#x43E;&#x440;&#x44F;&#x434;&#x43A;&#x443;, &#x43F;&#x440;&#x430;&#x432;&#x43E;&#x43C;&#x456;&#x440;&#x43D;&#x43E;&#x457; &#x442;&#x430; &#x43F;&#x440;&#x43E;&#x442;&#x438;&#x43F;&#x440;&#x430;&#x432;&#x43D;&#x43E;&#x457; &#x43F;&#x43E;&#x432;&#x435;&#x434;&#x456;&#x43D;&#x43A;&#x438;, &#x44E;&#x440;&#x438;&#x434;&#x438;&#x447;&#x43D;&#x43E;&#x457; &#x432;&#x456;&#x434;&#x43F;&#x43E;&#x432;&#x456;&#x434;&#x430;&#x43B;&#x44C;&#x43D;&#x43E;&#x441;&#x442;&#x456;.</subfield>
  </datafield>
  <datafield tag="521" ind1=" " ind2=" ">
    <subfield code="a">&#x414;&#x43B;&#x44F; &#x448;&#x438;&#x440;&#x43E;&#x43A;&#x43E;&#x433;&#x43E; &#x43A;&#x43E;&#x43B;&#x430; &#x447;&#x438;&#x442;&#x430;&#x447;&#x456;&#x432; </subfield>
  </datafield>
  <datafield tag="546" ind1=" " ind2=" ">
    <subfield code="a">&#x443;&#x43A;&#x440;.</subfield>
  </datafield>
  <datafield tag="650" ind1=" " ind2=" ">
    <subfield code="a">&#x41D;&#x430;&#x447;&#x430;&#x43B;&#x44C;&#x43D;&#x435; &#x432;&#x438;&#x434;&#x430;&#x43D;&#x43D;&#x44F;</subfield>
  </datafield>
  <datafield tag="653" ind1=" " ind2=" ">
    <subfield code="a">&#x41E;&#x441;&#x43D;&#x43E;&#x432;&#x438; &#x433;&#x43E;&#x441;&#x43F;&#x43E;&#x434;&#x430;&#x440;&#x441;&#x44C;&#x43A;&#x43E;&#x433;&#x43E; &#x43F;&#x440;&#x430;&#x432;&#x430; &#x423;&#x43A;&#x440;&#x430;&#x457;&#x43D;&#x438;</subfield>
  </datafield>
  <datafield tag="655" ind1=" " ind2=" ">
    <subfield code="a">&#x41D;&#x430;&#x432;&#x447;&#x430;&#x43B;&#x44C;&#x43D;&#x430; &#x43B;&#x456;&#x442;&#x435;&#x440;&#x430;&#x442;&#x443;&#x440;&#x430;</subfield>
  </datafield>
  <datafield tag="942" ind1=" " ind2=" ">
    <subfield code="2">udc</subfield>
    <subfield code="c">BK</subfield>
  </datafield>
  <datafield tag="999" ind1=" " ind2=" ">
    <subfield code="c">17152</subfield>
    <subfield code="d">17152</subfield>
  </datafield>
</record>
